MARC

LEADER 00000nam0a2200000 4500
001 34963
005 20231030232057.0
010 |a 5853080067 
035 |a (RuTPU)RU\TPU\book\35379 
035 |a BOOK00002031 
090 |a 34963 
100 |a 20011210d1993 km y0rusy50 ca 
101 0 |a rus 
102 |a RU 
105 |a y z 000zy 
200 1 |a От Си к Си +  |f Д. Рассохин 
210 |a Москва  |c Эдэль  |d 1993 
215 |a 128 с. 
610 1 |a алгоритмические языки 
610 1 |a программирование 
610 1 |a языки Си 
675 |a 681.3.06  |v 3 
700 1 |a Рассохин  |b Д.  |g Дмитрий 
801 0 |a RU  |b 63413507  |c 20011210  |g PSBO 
801 2 |a RU  |b 63413507  |c 20181228  |g PSBO 
900 |a Алгоритмические языки программирования 
900 |a Основы алгоритмизации и языки программирования 
942 |c BK